| 000 | 00000nam##2200000za#4500 |
| 001 | 9.648830 |
| 003 | CaOODSP |
| 005 | 20210615113334 |
| 007 | ta |
| 008 | 150407|2003||||xxc||||| f|0| 0 eng|d |
| 020 | |a0-662-33755-7 |
| 040 | |aCaOODSP|beng |
| 043 | |an-cn--- |
| 086 | 1 |aMP80-10/2003E |
| 110 | 1 |aCanada.|bHuman Resources Development Canada. |bHuman Investment Programs. |
| 245 | 12|aA way with words and images : |bsuggestions for the portrayal of persons with disabilities / |cIssued by the Office for Disability Issues. |
| 260 | |aOttawa - Ontario : |bHuman Resources Development Canada. |c2003. |
| 300 | |a14p. : |billus. ; |c21 cm. |
| 500 | |aISBN (0-662-88611-9) for English version printed on French version. |
| 563 | |aSoftcover |
| 590 | |a03-18|b2003-05-02 |
| 690 | 07|aPersons with disabilities|2gcpds |
| 690 | 07|aTerminology|2gcpds |
| 775 | 08|tLe pouvoir des mots et des images : |w(CaOODSP)9.682089 |
| 776 | 0#|tA way with words and images : |w(CaOODSP)9.686511 |
| 986 | |aSDDP-001-03-03E |